Top NBA Scorers of the 2000s - Statistics

General Stats
  • This quiz has been taken 59 times
  • The average score is 15 of 25
Answer Stats
Hint Answer % Correct
21.1k Kobe Bryant
100%
15.3k Shaquille O'Neal
96%
13.0k LeBron James
94%
16.4k Tim Duncan
94%
18.7k Dirk Nowitzki
92%
19.2k Allen Iverson
91%
16.6k Kevin Garnett
89%
17.8k Paul Pierce
85%
16.1k Ray Allen
85%
12.2k Steve Nash
81%
16.4k Tracy McGrady
77%
17.3k Vince Carter
77%
11.8k Rasheed Wallace
49%
11.9k Andre Miller
47%
13.3k Richard Hamilton
38%
12.2k Peja Stojakovic
34%
13.3k Shawn Marion
34%
12.7k Stephon Marbury
30%
12.9k Elton Brand
26%
13.0k Jason Terry
26%
13.1k Rashard Lewis
23%
15.4k Antawn Jamison
21%
11.6k Antoine Walker
21%
12.5k Mike Bibby
21%
11.9k Michael Finley
19%
No matching quizzes found
Score Distribution
Percent of People with Each Score
Percentile by Number Answered
Your Score History
You have not taken this quiz